| 000 | 00585cam a22002054a 4500 | ||
|---|---|---|---|
| 005 | 20250605164155.0 | ||
| 008 | 250528s ||||||||||||||||||||||||d | ||
| 035 | _a19549 | ||
| 020 | _a9600203024 | ||
| 040 |
_aGR-AtMCL _bgre _dGR-AtMCL _eAACR2 |
||
| 245 | 1 | _aΒΑΣΙΚΕΣ ΑΡΧΕΣ ΤΗΣ ΧΡΗΜΑΤΟΟΙΚΟΝΟΜΙΚΗΣ ΔΙΑΧΕΙΡΙΣΗΣ ΚΑΙ ΠΟΛΙΤΙΚΗΣ | |
| 250 | _a1 | ||
| 260 |
_bΠαπαζήση, _c1986 |
||
| 300 | _a920 | ||
| 700 | 1 |
_aBrigham Eugene F _91101 |
|
| 700 | 1 |
_aWeston Fred J _95770 |
|
| 942 | _cBK | ||
| 999 |
_c4805 _d4805 |
||